000 00468nam a2200145 4500
008 151009b xxu||||| |||| 00| 0 eng d
020 _a0345442490
050 _aSPE PS 3558 .U483L38 2003
100 _aLattany, Kristin.
_d 2003.
245 _aBreaking Away/
_cKristin Lattany.
260 _aNew York:
_bBallantine Books,
_c2003.
300 _a289p.:
650 _aEnglish Fiction
942 _2lcc
_cSH_L_BOOKS
_hSPE PS 3558 .U483L38 2003
999 _c8240
_d8240